| 000 | 00390nam a2200169Ia 4500 | ||
|---|---|---|---|
| 008 | 210210b1934 xxu||||| |||| 00| 0 eng d | ||
| 041 | _aeng | ||
| 082 | _a543/202 | ||
| 100 | _aSEN (H K) | ||
| 245 | _aIntroduction to chemistry | ||
| 260 |
_aCalcutta _b- _c1934 |
||
| 300 | _a1007 | ||
| 650 | _aIntroduction | ||
| 650 | _achemistry | ||
| 690 | _aInorganic Chemistry | ||
| 906 | _a009601 | ||
| 999 |
_c127058 _d127058 |
||